00668nam a22002057a 4500003000400000008004100004082001700045100002100062245009900083260006800182300001000250502001700260650001700277650001100294650001100305650001100316942001100327999001700338952010700355OSt260502b |||||||| |||| 00| 0 eng d a635.26bS15G aShree, Sangeeta. aGenotype X Environment Interaction Studies in Garlic (Allium sativum L.) / cby Sangeeta Shree a.- Sabour, Bhagalpurb: Bihar Agricultural College, RAUc, 2002 a103p. bPh. D.d2002 aHorticulture aGarlic aThesis aPh. D. 2ddccT c50369d50369 00102ddc4070aRAUbRAUd2026-05-02g0.00l0o635.26 S15Gp50131-ULr2026-05-02w2026-05-02yTkGift